[Event "Angers op 4th"]
[Site "Angers"]
[Date "2009.04.17"]
[Round "1"]
[White "Follereau, Xavier"]
[Black "Bouget, Alexandre"]
[Result "0-1"]
[WhiteElo "1860"]
[BlackElo "2045"]
[PlyCount "84"]
[EventDate "2009.04.17"]
[EventType "swiss"]
[EventRounds "6"]
[EventCountry "FRA"]
[SourceTitle "CBM 129 Extra"]
[Source "ChessBase"]
[SourceDate "2009.05.05"]
[SourceVersion "2"]
[SourceVersionDate "2009.05.20"]
[SourceQuality "1"]

1. e4 e5 2. Nf3 Nc6 3. Bb5 a6 4. Ba4 Nf6 5. 0-0 Be7 6. Re1 b5 7. Bb3 0-0 8. c3 d5 9. exd5 Nxd5 10. Nxe5 Nxe5 11. Rxe5 c6 12. d3 Bd6 13. Re1 Qh4 14. g3 Qh3 15. Re4 Qd7 16. Nd2 f5 17. Re1 Kh8 18. Bxd5 cxd5 19. f4 d4 20. Nf3 Bb7 21. cxd4 Qc6 22. Kf2 g5 23. Rg1 g4 24. Ne5 Qd5 25. Be3 Rf6 26. Qb3 Qxb3 27. axb3 Kg8 28. Rgc1 Rh6 29. Kg1 Re8 30. Bf2 Re7 31. Rc2 Bc7 32. Rac1 Bb6 33. b4 Ree6 34. Nd7 Rxh2 35. Rc8+ Kg7 36. d5 Bxf2+ 37. Kxh2 Bxd5 38. Nf6 Kxf6 39. R1c7 Bb6 40. Rf8+ Kg6 41. Rg8+ Kh6 42. Rc2 Re1 0-1